| 000 | 00775nam a2200193 a 4500 | ||
|---|---|---|---|
| 008 | 120124s2000 ||||||||||||||||| || u | ||
| 020 | _a0791444848 | ||
| 050 | _aB 72 Par | ||
| 100 | _aTobias, Michael | ||
| 245 | 1 | 2 |
_aA Parliament of minds: philosophy for a new millennium _cedited by Tobias, Michael; Fitzgerald, J. Patrick; Rothenberg, David |
| 260 |
_aAlbany, New York: _bState University of New York Press _c2000 |
||
| 300 | _axix, 309p.: ill. | ||
| 350 | _a0.00 | ||
| 650 | _aPHILOSOPHERS INTERVIEWS | ||
| 650 | _aPHILOSOPHY | ||
| 700 | _aFitzgerald, J. Patrick | ||
| 700 | _aRothenberg, David | ||
| 995 |
_D0.00 _FCBU-MAIN LIBRARY (Kitwe) _H1 _I0.00 _M1 _UAVAILABLE _WMar 1, 2012 _ZMain Library Open Access Collection |
||
| 999 |
_c53118 _d53118 |
||